000 00924nam a2200217 a 4500
008 081209s2005 ||||||||||||||||| || u
020 _a0340719591
050 _aTD 883.1 Met
100 _aMetcalfe, Sarah
245 1 0 _aAtmospheric pollution and environmental change
_cSarah Metcalfe and Dick Derwent
260 _aLondon
_bHodder Arnold
_c2005
300 _axi, 196p.: ill.
350 _a0.00
490 _aKey issues in environmental change
650 _aAIR--POLLUTION
650 _aAIR
650 _aPOLLUTION--ENVIRONMENTAL ASPECTS
700 _aDerwent, Dick
995 _aMAIN LIBRARY OPEN ACCESS
_D0.00
_e739929
_FCBU-MAIN LIBRARY (Kitwe)
_H1
_I0.00
_jTD 883.1 Met
_M2
_UAVAILABLE
_WMay 19, 2009
_y739929
_ZMain Library Open Access Collection
995 _aMAIN LIBRARY OPEN ACCESS
_D0.00
_e739132
_FCBU-MAIN LIBRARY (Kitwe)
_H1
_I0.00
_jTD 883.1 Met
_M1
_UAVAILABLE
_WJan 30, 2009
_y739132
_ZMain Library Open Access Collection
999 _c84452
_d84452